Werder Bremen players since 2000 - Statistics

General Stats
  • This quiz has been taken 36 times
  • The average score is 93 of 230
Answer Stats
Ranking Player Positions Nationality Matches Goals Assists Periods % Correct
5 Claudio Pizarro ST 225 99 34 2000-2001, 2008-2011, 2015-2016, 2018-2020
97%
11 Tim Wiese GK 194 0 1 2005-2012
93%
13 Marco Friedl CB 183 6 7 2017-2025
90%
6 Milos Veljkovic CB 221 6 7 2015-2025
90%
4 Torsten Frings DM 227 28 34 2000-2001, 2005-2011
90%
14 Naldo CB 173 22 9 2005-2009, 2011-2012
86%
2 Theodor Gebre Selassie RB 271 23 15 2012-2021
86%
26 Aílton ST 128 74 23 2000-2004
83%
49 Diego AM 84 38 32 2006-2009
83%
10 Jiri Pavlenka GK 198 0 0 2017-2024
83%
28 Johan Micoud AM 123 31 39 2002-2006
83%
12 Zlatko Junuzovic CM 188 21 52 2011-2018
83%
42 Jens Stage CM 90 16 11 2022-2025
79%
16 Leonardo Bittencourt CM 158 16 13 2019-2025
79%
38 Ludwig Augustinsson LB 98 2 11 2017-2021
79%
29 Markus Rosenberg ST 123 40 19 2006-2009, 2011-2012
79%
58 Mesut Özil AM 71 13 32 2007-2010
79%
46 Milot Rashica RW 87 21 17 2017-2021
79%
45 Miroslav Klose ST 89 53 38 2004-2007
79%
34 Niclas Füllkrug ST 113 47 14 2011-2012, 2019-2024
79%
27 Niklas Moisander CB 125 2 2 2016-2021
79%
8 Tim Borowski CM 210 27 27 2001-2007, 2009-2012
79%
1 Clemens Fritz RB 288 5 28 2006-2017
76%
85 Franco Di Santo ST 49 17 6 2013-2015
76%
32 Hugo Almeida ST 117 41 13 2006-2011
76%
19 Ivan Klasnic ST 151 49 34 2001-2008
76%
55 Josh Sargent ST 72 13 6 2018-2022
76%
33 Mitchell Weiser RB 116 12 28 2021-2025
76%
22 Per Mertesacker CB 147 12 5 2006-2012
76%
7 Aaron Hunt AM 215 46 41 2004-2014
72%
25 Marvin Ducksch ST 128 52 37 2021-2025
72%
23 Petri Pasanen CB 144 3 7 2004-2011
72%
21 Romano Schmid AM 147 13 26 2020-2025
72%
71 Amos Pieper CB 59 2 1 2022-2025
69%
64 Angelos Charisteas ST 66 18 7 2002-2005
69%
43 Felix Agu LB 90 4 8 2020-2025
69%
3 Frank Baumann DM 228 10 16 2000-2009
69%
54 Michael Zetterer GK 74 0 0 2021-2025
69%
59 Niklas Stark CB 70 2 1 2022-2025
69%
75 Ömer Toprak CB 57 3 0 2019-2022
69%
9 Philipp Bargfrede DM 206 6 10 2009-2021
69%
53 Yuya Osako ST 75 11 6 2018-2022
69%
52 Assani Lukimya CB 79 3 2 2012-2016
66%
86 Cédric Makiadi CM 48 1 2 2013-2015
66%
73 Ilia Gruev DM 59 1 0 2020-2024
66%
90 Jannik Vestergaard CB 48 3 0 2014-2016
66%
56 Marko Arnautovic ST 72 14 11 2010-2014
66%
109 Martin Harnik RW 37 5 4 2007-2008, 2018-2020
66%
51 Nelson Valdez ST 80 21 9 2002-2006
66%
39 Santiago García CB 94 4 10 2013-2017
66%
69 Sebastian Mielitz GK 62 0 0 2009-2014
66%
20 Sebastian Prödl CB 149 10 6 2008-2015
66%
67 Senne Lynen DM 64 0 4 2023-2025
66%
139 Ulisses Garcia LB 19 0 1 2015-2018
66%
148 Andreas Wolf CB 15 0 1 2011-2012
62%
36 Christian Groß DM 110 1 5 2019-2024
62%
74 Felix Wiedwald GK 59 0 0 2015-2017
62%
93 Luca Caldirola CB 46 1 1 2013-2014, 2016-2018
62%
105 Olivier Deman LB 38 2 1 2023-2025
62%
140 Rafael Borré ST 19 4 0 2023-2024
62%
88 Raphael Wolf GK 48 0 0 2013-2015
62%
77 Sebastian Boenisch LB 55 1 5 2007-2012
62%
95 Thomas Delaney CM 45 7 6 2016-2018
62%
24 Daniel Jensen CM 133 7 18 2004-2011
59%
63 Davie Selke ST 67 12 4 2013-2014, 2019-2021
59%
60 Davy Klaassen CM 69 12 11 2018-2021
59%
65 Eljero Elia LW 66 4 8 2012-2015
59%
115 Kevin De Bruyne AM 33 10 9 2012-2013
59%
48 Max Kruse CF 85 32 26 2007-2008, 2016-2019
59%
101 Oliver Burke ST 41 7 1 2022-2025
59%
99 Alejandro Gálvez CB 41 2 1 2014-2016
55%
162 Dominik Schmidt CB 12 0 0 2010-2011
55%
167 Jaroslav Drobný GK 10 0 0 2016-2017
55%
136 Julián Malatini CB 21 2 1 2023-2025
55%
121 Marco Grüll LW 30 6 2 2024-2025
55%
149 Mohamed Zidan CF 15 3 0 2004-2005, 2006-2007
55%
83 Niklas Schmidt CM 50 5 7 2016-2017, 2021-2023
55%
129 Wesley CM 26 2 3 2010-2012
55%
128 Ishak Belfodil ST 26 4 1 2017-2018
52%
91 Johannes Eggestein ST 47 5 2 2017-2022
52%
84 Justin Njinmah RW 50 9 6 2023-2025
52%
15 Maximilian Eggestein CM 159 12 17 2014-2022
52%
102 Mehmet Ekici AM 41 4 4 2011-2014
52%
110 Nuri Şahin DM 36 1 4 2018-2020
52%
142 Skelly Alvero DM 18 1 0 2023-2025
52%
41 Andreas Reinke GK 91 0 0 2003-2007
48%
30 Anthony Jung CB 123 5 7 2021-2025
48%
92 Eren Dinkçi RW 46 1 2 2020-2023
48%
78 Florian Kainz AM 52 5 7 2016-2019
48%
44 Jurica Vranjes DM 90 5 5 2005-2009
48%
141 Keke Topp ST 19 2 2 2024-2025
48%
134 Lee Buchanan LB 21 1 0 2022-2023
48%
47 Marko Marin AM 87 8 30 2009-2012
48%
125 Serge Gnabry LW 27 11 2 2016-2017
48%
116 Anthony Ujah ST 32 11 5 2015-2016
45%
31 Fin Bartels RW 120 22 18 2014-2020
45%
62 Frank Rost GK 68 1 0 2000-2002
45%
107 Lamine Sané CB 38 2 1 2016-2018
45%
185 László Kleinheisler AM 6 0 0 2015-2016
45%
117 Leon Andreasen CM 32 2 2 2005-2008
45%
94 Ludovic Magnin LB 45 4 5 2001-2005
45%
79 Lukas Schmitz LB 52 0 5 2011-2014
45%
174 Michael Lang RB 9 0 0 2019-2020
45%
191 Naby Keïta CM 5 0 0 2023-2024
45%
61 Nils Petersen ST 69 18 9 2012-2015
45%
18 Paul Stalteri RB 151 6 11 2000-2005
45%
179 André Silva ST 7 1 0 2024-2025
41%
166 Christian Vander GK 11 0 0 2005-2006, 2007-2010
41%
17 Fabian Ernst DM 152 11 20 2000-2005
41%
87 Florian Grillitsch DM 48 3 3 2015-2017
41%
106 Izet Hajrovic RW 38 2 0 2014-2015, 2016-2018
41%
35 Mladen Krstajic CB 112 11 6 2000-2004
41%
124 Pierre Womé LB 28 2 3 2006-2007
41%
184 Roberto Silva ST 6 0 0 2001-2002
41%
72 Sokratis Papastathopoulos CB 59 2 0 2011-2013
41%
68 Valérien Ismaël CB 64 8 5 2003-2005
41%
70 Aleksandar Ignjovski DM 60 1 3 2011-2014
38%
37 Christian Schulz CB 103 4 4 2002-2008
38%
132 Dawid Kownacki ST 22 0 0 2023-2024
38%
164 Lennart Thy ST 11 1 0 2010-2011, 2016-2017
38%
157 Levent Ayçiçek AM 13 2 0 2013-2015
38%
100 Levin Öztunali LW 41 2 7 2014-2016
38%
160 Ludovic Obraniak AM 12 1 1 2013-2015
38%
126 Mikaël Silvestre LB 27 1 2 2010-2012
38%
89 Nick Woltemade CF 48 2 1 2019-2021, 2023-2024
38%
82 Patrick Owomoyela RB 50 0 5 2005-2008
38%
118 Boubacar Sanogo ST 32 11 4 2007-2010
34%
127 Derrick Köhn LB 27 2 2 2024-2025
34%
131 Dusko Tosic CB 22 0 2 2007-2010
34%
104 Frank Fahrenhorst CB 39 1 2 2004-2006
34%
156 Kevin Vogt CB 14 0 0 2019-2020
34%
40 Krisztián Lisztes AM 92 8 20 2001-2005
34%
144 Lukas Mai CB 16 0 0 2021-2022
34%
151 Papy Djilobodji CB 14 2 1 2015-2016
34%
212 Stefanos Kapino GK 2 0 0 2018-2020
34%
197 Fabio Chiarodia CB 4 0 0 2021-2023
31%
187 Ousman Manneh ST 6 1 1 2016-2017
31%
119 Peter Niemeyer DM 32 2 0 2006-2010
31%
111 Sebastian Langkamp CB 35 0 0 2017-2020
31%
137 Tom Trybull DM 21 1 2 2011-2014
31%
103 Andreas Herzog AM 41 3 6 2000-2002
28%
209 Carlos Alberto AM 2 0 0 2007-2008
28%
66 Felix Kroos CM 65 1 2 2010-2016
28%
135 Jérôme Gondorf DM 21 1 1 2017-2018
28%
81 Kevin Möhwald CM 52 8 2 2018-2022
28%
76 Marco Bode LW 57 12 9 2000-2002
28%
122 Sandro Wagner ST 30 5 0 2010-2012
28%
158 Tahith Chong AM 13 0 1 2020-2021
28%
123 Aron Jóhannsson ST 28 4 4 2015-2019
24%
180 Denni Avdic ST 7 0 0 2010-2011
24%
154 Florian Trinks AM 14 0 1 2010-2012
24%
98 Jean Manuel Mbom RB 42 0 2 2020-2023
24%
133 Joseph Akpala ST 21 1 1 2012-2013
24%
183 Koen Casteels GK 6 0 0 2014-2015
24%
221 Luca Plogmann GK 1 0 0 2018-2019
24%
193 Marcelo Moreno ST 5 0 0 2009-2010
24%
173 Marnon Busch RB 9 1 0 2014-2015
24%
96 Robert Bauer CB 43 1 3 2016-2018
24%
113 Ümit Davala RM 33 0 1 2003-2006
24%
57 Viktor Skrypnyk LB 72 6 8 2000-2004
24%
182 Aymen Abdennour CB 6 0 0 2009-2010
21%
172 Florian Hartherz LB 10 0 0 2011-2012
21%
175 Issa Kaboré RB 9 0 1 2024-2025
21%
196 Mateo Pavlovic CB 4 0 1 2012-2013
21%
171 Sambou Yatabaré CM 10 1 2 2015-2017
21%
206 Thanos Petsos DM 3 0 0 2016-2017
21%
146 Alexandros Tziolis DM 15 1 2 2008-2009
17%
50 Frank Verlaat CB 81 5 2 2000-2003
17%
204 Isak Hansen-Aarøen AM 3 0 0 2023-2024
17%
80 Ivica Banovic DM 52 2 7 2000-2004
17%
161 Lukas Fröde DM 12 0 0 2014-2017
17%
138 Özkan Yıldırım AM 20 0 1 2012-2016
17%
97 Razundara Tjikuzu RB 43 0 3 2000-2003
17%
213 Fallou Diagne CB 2 0 0 2016-2017
14%
159 François Affolter CB 13 0 0 2011-2012
14%
130 Janek Sternberg LB 25 0 1 2014-2017
14%
192 Kevin Schindler RM 5 0 0 2006-2008
14%
219 Leon Guwara LB 1 0 0 2015-2016
14%
152 Melvyn Lorenzen ST 14 1 0 2013-2016
14%
120 Pascal Borel GK 32 0 0 2002-2004
14%
153 Pekka Lagerblom DM 14 0 2 2003-2006
14%
150 Raphael Wicky DM 15 0 0 2000-2001
14%
186 Roger Assalé ST 6 0 1 2021-2022
14%
194 Aleksandar Stevanovic CM 5 0 0 2011-2013
10%
190 Andree Wiedener LB 6 0 0 2000-2001
10%
168 Benjamin Goller RW 10 0 0 2019-2020
10%
112 Dieter Eilts DM 34 0 4 2000-2002
10%
229 Dikeni Salifou CM 1 0 0 2022-2023
10%
181 Dong-gook Lee ST 7 0 0 2000-2001
10%
176 Jelle Van Damme CB 8 1 0 2005-2006
10%
203 Leon Balogun CB 3 0 0 2010-2011
10%
208 Luca Zander RB 2 0 0 2015-2016
10%
216 Manuel Friedrich CB 1 0 0 2003-2004
10%
143 Marco Reich LM 17 0 0 2002-2004
10%
114 Markus Daun ST 33 3 5 2002-2004
10%
147 Maximilian Philipp CF 15 1 0 2022-2023
10%
108 Nicolai Rapp DM 37 2 2 2021-2024
10%
199 Oliver Hüsing CB 3 0 0 2014-2016
10%
211 Onur Ayık RW 2 0 0 2009-2011
10%
169 Oscar Schönfelder LB 10 0 1 2021-2022
10%
205 Predrag Stevanovic AM 3 0 0 2010-2011
10%
165 Rade Bogdanovic ST 11 3 1 2000-2001
10%
214 Richard Strebinger GK 2 0 0 2014-2015
10%
170 Said Husejinovic LW 10 0 1 2008-2011
10%
188 Abdenego Nankishi LW 6 0 0 2021-2022
7%
163 Bernhard Trares DM 12 0 2 2000-2001
7%
226 Björn Schierenbeck CB 1 0 0 2000-2001
7%
225 Dirk Flock RM 1 0 0 2000-2001
7%
210 Francis Banecki CB 2 0 0 2004-2005
7%
155 Holger Wehlage RM 14 1 0 2001-2004
7%
200 Jakub Wierzchowski GK 3 0 0 2002-2003
7%
198 Jérôme Polenz RB 3 0 0 2005-2006
7%
230 Joel Imasuen ST 1 0 0 2023-2024
7%
215 Johannes Wurtz AM 2 0 1 2012-2013
7%
202 John Jairo Mosquera ST 3 1 0 2007-2008
7%
207 Leon Opitz AM 3 0 0 2023-2024
7%
178 Martin Kobylanski AM 8 0 0 2013-2014
7%
145 Mike Barten CB 16 0 0 2000-2001, 2002-2003
7%
218 Ole Käuper DM 1 0 0 2017-2018
7%
195 Patrick Erras CB 4 0 0 2020-2021
7%
227 Stefan Blank LB 1 0 0 2001-2002
7%
189 Christoph Dabrowski DM 6 0 0 2000-2001
3%
228 Dejan Galjen ST 1 0 0 2021-2022
3%
201 Gustavo Nery LB 3 0 0 2004-2005
3%
224 Luc Ihorst ST 1 0 0 2019-2020
3%
217 Marcel Hilßner AM 1 0 0 2015-2016
3%
222 Niklas Andersen CB 1 0 0 2008-2009
3%
223 Timo Perthel LB 1 0 0 2008-2009
3%
220 Torsten Oehrl ST 1 0 0 2008-2009
3%
177 Yuriy Maksymov CM 8 0 0 2000-2001
3%
No matching quizzes found
Score Distribution
Percent of People with Each Score
Percentile by Number Answered
Your Score History
You have not taken this quiz